000 00723nam a2200157Ia 4500
008 151213s9999 xx 000 0 und d
100 _aইসতিয়াক হোসেন ও শাহনাজ পারভিন।
245 _aইসলামিক জুরি¯প্রডেন্স ও মুসলিম আইন।
_cইসতিয়াক হোসেন ও শাহনাজ পারভিন।
250 _a1st
260 _aঢাকা
_bধান সিড়ি ’ল’ বৃুক সেন্টার
_c2007
300 _a5065 p.
650 _aLaw
650 _aLaw
700 _aইসতিয়াক হোসেন ও শাহনাজ পারভিন।
999 _c3131
_d3131